| 000 | 00887nam a2200241Ia 4500 | ||
|---|---|---|---|
| 003 | GCL | ||
| 008 | 140319s9999 xx 000 0 ara d | ||
| 020 | _a9172505977 | ||
| 040 |
_aGCL / _cGCL |
||
| 082 | 0 | 4 |
_a809.01 _bع ن |
| 100 | 1 | _aعبدالمعطى شعراوى | |
| 245 | 1 | 0 |
_aالنقد الأدبى عند الأغريق والرومان / _cعبدالمعطى شعراوى |
| 260 |
_aالقاهرة : _bمكتبة الانجلوالمصرية ، _c1999 |
||
| 300 |
_a383 ص ؛ _c24 سم |
||
| 650 | 0 | 4 | _aارسطو |
| 650 | 0 | 4 | _aافلاطون |
| 650 | 0 | 4 | _aالغناء, تاريخ ونقد |
| 650 | 0 | 4 | _aالادب الرومانى - تاريخ ونقد |
| 650 | 0 | 4 | _aالادب الاغريقى - تاريخ ونقد |
| 650 | 0 | 4 | _aالشعر الاغريقى - تاريخ ونقد |
| 650 | 0 | 4 | _aالنثر الاغريقى - تاريخ ونقد |
| 942 |
_2ddc _cBK |
||
| 999 |
_c6163 _d6163 |
||